Score 0/13 Timer 02:00
0 Plays Today
Clue 4-Letter Word % Correct
Actor Reynolds or GoslingRYAN
93%
Lady Gaga's '___ This Way'BORN
91.3%
DJ Snake and Lil Jon 2014 hit song: '[Rung 1] [Rung 5] for [Rung 13]'
OR Soft goose feathers
DOWN
86.3%
Cut, like a lawnMOWN
84.4%
A prolonged sound of pain or griefMOAN
84%
Set fire toBURN
82.8%
Printing color with yellow and magentaCYAN
82.4%
DJ Snake and Lil Jon 2014 hit song: '[Rung 1] [Rung 5] for [Rung 13]'
OR A common question word
WHAT
81%
A usually reddish mottled horse colorROAN
80.2%
Actor Michael who played Worf on 'Star Trek'DORN
75.1%
DJ Snake and Lil Jon 2014 hit song: '[Rung 1] [Rung 5] for [Rung 13]'
OR A TV show about Revolutionary War era spies
TURN
74.7%
Send an IM to someoneCHAT
74.1%
Charlie the detective of old moviesCHAN
73.6%

Today's Daily Dose

You're not logged in!

Compare scores with friends on all Sporcle quizzes.
OR
Log In

From the Vault

Big 4 Longest Playoff Runs

by Quibe

In another couple of years the Red Wings might just make this list, the Lions, not so much.
Remove Ads.
Support Sporcle.
Get the best of Sporcle when you Go Orange. This ad-free experience offers more features, more stats, and more fun while also helping to support Sporcle. Thank you for becoming a member.

Show Comments

Extras

Top Quizzes Today


Score Distribution

Your Account Isn't Verified!

In order to create a playlist on Sporcle, you need to verify the email address you used during registration. Go to your Sporcle Settings to finish the process.

Report this User

Report this user for behavior that violates our Community Guidelines.

Details: